| 000 | 01307nam0a2200337 4500 | ||
|---|---|---|---|
| 001 | RU\NLR\bibl\1275039 | ||
| 005 | 20250615135428.0 | ||
| 010 |
_a978-5-89537-653-9 _910000 |
||
| 021 |
_aRU _b2008-58966 _93291 |
||
| 035 | _a(NLR Aleph) 001260867 | ||
| 090 |
_a378242 _c378242 |
||
| 100 | _a20080919d2007 |||y0rusy50 ca | ||
| 101 | 1 |
_arus _cund |
|
| 102 | _aRU | ||
| 105 | _aa ||||||||| | ||
| 200 | 1 |
_aРолли и Эльф _eневероятные приключения _e[книга по мультфильму _eдля чтения взрослыми детям] _fПекка Летосаари _gил. Джанни Копу и Кари Коронен |
|
| 210 |
_aМосква _cСтрекоза _d2007 |
||
| 215 |
_a[47] с. _cцв. ил. _d29 |
||
| 300 | _aВ вып. дан. подзаг.: книга по мотивам анимационного фильма | ||
| 300 | _aНа обл. авт. не указан | ||
| 686 | _aШ9(4Фн)60-4 | ||
| 700 | 1 |
_aЛетосаари _bП. _gПекка _4070 |
|
| 702 | 1 |
_aКопу _bД. _gДжанни _4440 |
|
| 702 | 1 |
_aКоронен _bК. _gКари _4440 |
|
| 801 | 0 |
_aRU _bNLR _c20080919 _gRCR |
|
| 801 | 1 |
_aRU _bNLR _c20080919 |
|
| 830 | _aавт. и ил. по кн. | ||
| 942 | _cBOOK | ||
| 980 | _aNB | ||